LEADER 00791nam0 2200253 450 001 000024376 005 20090313092233.0 010 $a88-13-26326-0 100 $a20090313d2006----km-y0itay50------ba 101 0 $aita 102 $aIT 105 $ay-------001yy 200 1 $aDiritto e deontologia dell'informazione$fGiuseppe Corasaniti 210 $aPadova$cCedam$dc2006 215 $aXV, 347 p.$d21 cm 500 10$aDiritto e deontologia dell'informazione$945349 610 1 $aProfessioni intellettuali$aDeontologia 676 $a340.023$v20 700 1$aCorasaniti,$bGiuseppe$0145078 801 0$aIT$bUNIPARTHENOPE$c20090313$gRICA$2UNIMARC 912 $a000024376 951 $a340-D/5$b41289$cNAVA1$d2009 996 $aDiritto e deontologia dell'informazione$945349 997 $aUNIPARTHENOPE LEADER 01927nam0 22003371i 450 001 UON00295398 005 20231205103940.15 100 $a20070521d1957 |0itac50 ba 101 $ager$aGOT 102 $aDE 105 $a|||| 1|||| 200 1 $aSämtliche Schriften. 6.: 14. De signatura rerum, oder, von der Geburt und Bezeichnung aller Wesen, 1622 ; 15. De electione gratiae, oder, von der Gnaden-Wahl, 1623 ; 16. De testamentis Christi, oder, von Christi Testamenten$fJacob Böhme$gneu herausgegeben von Will-Erich Peuckert 210 $aStuttgart$cFrommans ; Bad Cannstadt$cHolzboog$d1955 215 $a3 v. in 1$d21 cm. Faksimile der Ausgabe von 1730 in 11 Bänden. 464 1$1001UON00295401$12001 $aDe electione gratiae, oder, von der Gnaden-Wahl, 1623$fJacob Böhme 464 1$1001UON00295400$12001 $aDe signatura rerum, oder, von der Geburt und Bezeichnung aller Wesen, 1622$fJacob Böhme 464 1$1001UON00295402$12001 $aDe testamentis Christi, oder, von Christi Testamenten$fJacob Böhme 620 $dBad Cannstatt$3UONL003062 620 $aDE$dWiesbaden$3UONL003153 676 $a291.422$cMISTICISMO$v21 700 1$aBÖHME$bJacob$3UONV138384$0420998 702 1$aPEUCKERT$bWill Erich$3UONV161501 712 $aFrommans$3UONV273389$4650 712 $aHolzboog$3UONV265043$4650 790 0$aTEUTONICUS$yBÖHME, Jacob$3UONV169506 801 $aIT$bSOL$c20240220$gRICA 912 $aUON00295398 950 $aSIBA - SISTEMA BIBLIOTECARIO DI ATENEO$dSI Fil.G VI 328 f $eSI MR 53901 5 328 f 950 $aSIBA - SISTEMA BIBLIOTECARIO DI ATENEO$dSI TED 20 I BOH 6 $eSI ST 7273/d 5 6 $sBuono 996 $aSämtliche Schriften. 6.: 14. De signatura rerum, oder, von der Geburt und Bezeichnung aller Wesen, 1622$91250655 997 $aUNIOR